000 00415nam a2200145Ia 4500
008 211109s9999||||xx |||||||||||||| ||und||
082 _a894.81209
_bAPP-K
100 _aAppan, K P
245 0 _aKalaapam Vivaadam Vilayiruthal
260 _bD c Books
_aKottayam
_c1900
300 _a234p
630 _xGeneral stack
650 _aMalayalam literature
_vLiterature & rhetoric
_xMalayalam studyGeneralia
942 _cBOOK
999 _c51578
_d51578